Underdevelopment in Kenya : the political economy of neo-colonialism, 1964-1971

Αποθηκεύτηκε σε:
Λεπτομέρειες βιβλιογραφικής εγγραφής
Κύριος συγγραφέας: Leys, Colin
Μορφή: Βιβλίο
Γλώσσα:English
Δημοσίευση: Berkeley : University of California Press, 1974.
Θέματα:
Ετικέτες: Προσθήκη ετικέτας
Δεν υπάρχουν, Καταχωρήστε ετικέτα πρώτοι!

MARC

LEADER 00000cam a2200000 a 4500
001 1/121157
008 200326s1974####uk ||||||| |||| ||eng||
020 |a 0520027701 
040 |a GR-MyUa  |b gre  |c GR-MyUa  |e AACR2 
041 0 |a eng 
082 7 |a 330.9676204  |2 (23) 
100 1 |a Leys, Colin. 
245 1 0 |a Underdevelopment in Kenya :   |b the political economy of neo-colonialism, 1964-1971 /   |c Colin Leys.  
260 |a Berkeley :   |b University of California Press,   |c 1974.  
300 |a xv, 284 σ. ;   |c 22 εκ.  
651 0 |a Kenya  |x Economic conditions. 
651 0 |a Kenya  |x Politics and government. 
651 0 |a Kenya  |x Social conditions  |y 1963- 
852 |a INST  |b LESVOS  |e 20200326  |h 330.9676204 LEY  |p 005100062537  |q 005100062537  |t BK  |y 0 
920 |a Α. Φατούρος-Α. Φραγκουδάκη  |y Λέσβος  |z 2012 
970 |a Δημάκη  |b Μαρία  |z 26-03-2020